000
00267nam a2200097 a 4500
005
20200930070458.0
008
110907s1797 000 spa d
245
3
_a
El viaje universal, รณ noticia del mundo antiguo y nuevo.
260
_a
Madrid,
_c
1797.
999
_c
33225
_d
33225
040
_a
DO-SdBNP